000
00315nam a22001337a 4500
008
170622b xxu||||| |||| 00| 0 eng d
020
_a
0391008924
041
_a
eng
080
_a
94
100
_a
18
101
_a
SHH
245
_a
STALINISM ESSASY IN HISTORICAL INTERPRETATION
_c
TUCKER.R.C
942
_2
udc
_c
BK
999
_c
18823
_d
18823